000
00355nam a2200157Ia 4500
008
230516s9999 xx 000 0 und d
041
_a
eng
082
_a
547
_b
MOR/BOY
100
_a
MORRISON, BOYD
245
_a
ORGANIC CHEMISTRY
260
_b
PEARSON
_c
2011
300
_a
1472
365
_h
20%
520
_a
PC
650
_a
PHARMACEUTICAL CHEMISTRY
999
_c
371643
_d
371643